000 00305nam a22001457a 4500
008 210310b ||||| |||| 00| 0 eng d
020 _a0721689280
041 _aeng
080 _a574
082 _a574
100 _a9
101 _aMJE
245 _aEnvironmental Science
_cTurk, A
942 _2udc
_cBK
999 _c56136
_d56136